Responses for show #7934 - Thursday, February 21, 2019

2019 All-Star Games match 1, continuation of game 1.

Contestants

[<< previous game]

Team Brad

Playing the Jeopardy! Round: Brad Rutter, an actor and producer from Los Angeles, California

Playing the Double Jeopardy! Round: Larissa Kelly, an editor for academic competitions from Richmond, California

Playing the Final Jeopardy! Round: David Madden, an academic competition director from Ridgewood, New Jersey

Team Colby

Playing the Jeopardy! Round: Colby Burnett, a college counselor from Chicago, Illinois

Playing the Double Jeopardy! Round: Alan Lin, a software engineer from Riverside, California

Playing the Final Jeopardy! Round: Pam Mueller, a think tank researcher from Culver City, California

Team Buzzy

Playing the Jeopardy! Round: Alex Jacob, a freelance trivia writer from Greensboro, North Carolina

Playing the Double Jeopardy! Round: Buzzy Cohen, a music executive from Los Angeles, California

Playing the Final Jeopardy! Round: Jennifer Giles, a third grade teacher from Longmont, Colorado

[next game >>]

Jeopardy! Round responses

NOTORIOUS
RECENT CINEMA
OPEN YOUR PIE HOLE
"B"ORDER COUNTRIES
TRIPLE RHYME TIME
IN PERPETUITY
    $200 24
Idi Amin

Colby
    $200 25
(Colby: Who is [*]?)
(Alex Trebek: Yeah.)
[Colby imitates [*] with a throaty yell.]

Chewbacca

Colby
    $200 26
(Brad: My favorite. Uh, let's get rid of TRIPLE RHYME TIME for $400.)

pumpkin pie

Brad
    $200 29
Belgium

Brad
    $200 28
a scary dairy fairy

Brad
    $200 30
(Alex Trebek: "Yes, [*], there is a Santa Claus.")

Virginia

Brad
    $3,200 19
the Iran-Contra scandal

Brad
    $400 20
(Tom) Cruise

Brad
    $400 22
Boston cream pie

Alex
    $400 23
Belize

Colby
    $400 27
a muddy study buddy

Brad
    $400 21
the Flying Dutchman

Brad
    $600 3
Dannemora

Alex
    $600 18
Christopher Robin

Brad
    $600 14
cherry

Alex
    $600 2
Bulgaria

Alex
    $600 7
a Greek peak week

Triple Stumper
    $600 17
the ABA (or American Basketball Association)

Alex
    $800 1
a nurse

Brad
    $800 6
(Colby: What's [*]?)
(Alex Trebek: You're right. You're on the board.)
(Colby: Whew! That's great.)

Dunkirk

Colby
    $800 11
a pecan

Brad
    $800 4
Bolivia & Brazil

Alex
    $800 8
a dragon wagon flagon

Colby
    $800 15
Vanity Fair

Colby
    $1000 10
Manson

Alex
    $1000 12
Armstrong

Brad
    $1000 13
shoo-fly pie

Brad
    $1000 5
Bangladesh & Bhutan

Alex
    $1000 9
(Alex Trebek: What is [*]?)
(Brad: Ah!)
(Alex Trebek: Brad, you knew that.)
(Brad: No, I knew two of 'em. It's just the third one that's so tough.)
(Alex Trebek: That's why it's TRIPLE RHYME TIME.)

a Gibraltar altar vaulter

Triple Stumper
    $1000 16
(Brad: Who is Adonis?)

Endymion

AlexBrad

Scores at the first commercial break (after clue 15):

Team Buzzy Team Colby Team Brad
$4,600 $2,400 $3,600

Scores at the end of the Jeopardy! Round:

Team Buzzy Team Colby Team Brad
$6,600 $3,200 $8,400

Double Jeopardy! Round responses

PHYSICS
POLITICIANS
FIRST-TIME RESPONSES
(Alex: Believe it or not, these are never-before-requested responses in 35 years of Jeopardy!)
BRITISH LITERATURE
IN PERPETUITY
(Alex: The responses will be made up of the letters in the word "perpetuity".)
HERSHEY FELDER PRESENTS GREAT COMPOSERS
(Hershey Felder: I'm Hershey Felder, and I'm bringing you clues about the world's greatest composers.)
    $400 27
flux

Alan
    $400 30
Tammany Hall

Buzzy
    $400 19
an adopter

Alan
    $400 6
The Merchant of Venice

Larissa
    $400 25
putt for dough

Buzzy
    $400 29
(Alex: And our thanks to Hershey Felder for all of those categories. I saw him perform the music of Beethoven. He is just fantastic.)

Beethoven's 5th

Alan
    $800 26
rotational movement

Buzzy
    $800 1
the Second Continental Congress

Larissa
    $800 20
pourquoi

Larissa
    $800 5
a country churchyard

Larissa
    $800 24
Upper

Larissa
    $800 28
"land that I love"

Buzzy
    $1200 7
oscillation

Larissa
    $1200 17
Ann Richards

Larissa
    $1200 21
a honeycrisp

Buzzy
    $1200 2
"Ozymandias"

Larissa
    $1200 9
a tipper

Buzzy
    $1200 14
An American in Paris

Buzzy
    $5,000 8
cosmic rays

Larissa
    $10,000 15
[After the 15th clue, the show breaks for commercial.]

(Earl) Warren

Buzzy
    $1600 22
propofol

Triple Stumper
    $1600 3
A Room with a View

Larissa
    $1600 10
a pyre

Buzzy
    $1600 13
Romeo and Juliet

Larissa
    $2000 18
Joule's law

Triple Stumper
    $2000 16
Barney Frank

Larissa
    $2000 23
frivolous

Larissa
    $2000 4
The Vicar of Wakefield

Alan
    $2000 11
a yurt

Buzzy
    $2000 12
"Liebestraum"

Larissa

Scores at the end of the Double Jeopardy! Round:

Team Buzzy Team Colby Team Brad
$26,200 $6,400 $29,800

Final Jeopardy! Round responses

AFRICAN GEOGRAPHY
PamWhat are Morocco & Mozambique?
$6,400
JenniferWhat is I love you, grandma
$0
DavidWhat are Senegal & Somalia?
$20,000
Senegal & Somalia

Final scores:

Team Buzzy Team Colby Team Brad
$26,200 $0 $49,800

Game dynamics:

Coryat scores:

Team Buzzy Team Colby Team Brad
$17,800 $6,400 $23,600
19 R
(including 1 DD),
0 W
10 R,
0 W
27 R
(including 2 DDs),
1 W

Combined Coryat: $47,800

The J! Archive is created by fans, for fans. The Jeopardy! game show and all elements thereof, including but not limited to copyright and trademark thereto, are the property of Jeopardy Productions, Inc. and are protected under law. This website is not affiliated with, sponsored by, or operated by Jeopardy Productions, Inc. Join the discussion at JBoard.tv.